Open Data Biblioteca Nacional de Portugal


República Portuguesa: Ministério da Cultura
Biblioteca Nacional de Portugal

Catálogo da BNP: acesso por Identificadores Unívocos
Registos Bibliográficos associados ao registo de autoridade

Etiqueta de registo: 01035nas 2200337 450
001 119612
003 http://id.bnportugal.gov.pt/bib/catbnp/119612
011 ## $a0870-8312$bed. impressa)
011 ## $a2183-0398$bed. eletrónica)
021 ## $aPT$b27091/89
021 ## $aPT$b103503/96
100 ## $a19981121a19899999k y0pory01030103ba
101 0# $apor$aeng
102 ## $aPT$aES
106 ## $ar
110 ## $aahazz 0uu0
200 1# $aCiência e tecnologia dos materiais$erevista da Sociedade Portuguesa de Materiais$fdir. Antera Valeriana de Seabra
207 #0 $aA. 1, nº 1 (jan./mar. 1989)-
210 #9 $aPorto$cSociedade Portuguesa de Materiais,$d1989-
215 ## $d24 cm
304 ## $aA partir de 2025 o diretor é Jorge Lino
305 ## $aDe 2021-2024 publicada exclusivamente em suporte eletrónico
306 ## $aDe 2012 a 2018 passou a ser publicada também em língua inglesa em: Barcelona : Elsevier Doyma
326 ## $aPeriodicidade irregular$b2019-
326 ## $aTrimestral
510 1# $aScience and technology of materials$zeng
517 1# $aCiência & tecnologia dos materiais
606 ## $aEngenharia e tecnologia em geral$2BN-P$3288784
620 ## $dPorto
620 ## $dBarcelona
675 ## $a620(05)$vBN$zpor$3337970
702 #1 $aSeabra,$bAntera Valeriana de$4300$3110600
702 #1 $92$aLino,$bJorge$4300$31868114
712 02 $aSociedade Portuguesa de Materiais$4650$3227198
712 02 $aElsevier Doyma$4650$31445708
801 #0 $aPT$bBN$gRPC
856 40 $uhttps://www.spmateriais.pt/publicacoes/revista$zA publicação passou a estar também disponível em linha a partir do v. 31, nº 1 (2019). De 2021-2024 publicada exclusivamente em suporte eletrónico
966 ## $lBN$mFGREV$sP.P. 19142 V.
971 ## $cssilva$d20260428

Etiqueta de registo: 00000nam 2200025 450
001 2119748
003 http://id.bnportugal.gov.pt/bib/catbnp/2119748
010 ## $a978-989-53056-2-9
021 ## $aPT$b507837/22
100 ## $a20230103d2022 m y0pory01030103ba
101 0# $apor$aeng
102 ## $aPT
105 ## $aa z 000yy
106 ## $ar
200 1# $aDesign industrial e de produto$einvestigação e indústria$fcoord. Rui Mendonça, Jorge Lino
210 #9 $aPorto$cID+ - Instituto de Investigação em Design, Media e Cultura - Faculdade de Belas Artes da Universidade do Porto,$d2022
215 ## $a67, [5] p.$cil.$d25 cm
675 ## $a7.05A/Z(083.82)$vBN$zpor$31467972
675 ## $a7.05"20"(042)$vBN$zpor$31616194
702 #1 $aMendonça,$bRui,$f1965-$4340$31412185
702 #1 $92$aLino,$bJorge$4340$31868114
801 #0 $aPT$bBN$gRPC
856 41 $uhttp://rnod.bnportugal.gov.pt/ImagesBN/winlibimg.aspx?skey=&doc=2119748&img=173112&save=true
900 ## $aBIBNAC$d20230130
966 ## $lBN$mFGMON$sB.A. 48105 V.$x1
966 ## $lBN$mFGMON$sB.A. 48105 V.-D$x1
971 ## $carosa$d20230103
972 ## $d20230130$e1$vlrevez$z0
973 ## $csteixeira$d20230110

OpendataBNP@bnportugal.pt | Mais informação sobre acesso aos dados BNP